000
00264nam a22001217a 4500
008
180118b xxu||||| |||| 00| 0 eng d
041
_a
eng
080
_a
37
100
_a
46
101
_a
EDU
245
_a
HEALTH EDUCATION QUARTERLY
_c
ALLAN.S
942
_2
udc
_c
BK
999
_c
40439
_d
40439